[Event "POHÁR města Říčany 2024"]
[Site "Městské kulturní středisko U labutě"]
[Date "2024.06.30"]
[Round "3.1"]
[White "Burdalev, Kirill"]
[Black "Crha, Ondrej"]
[Result "1-0"]
[WhiteElo "2348"]
[BlackElo "2171"]
[WhiteFideId "14121913"]
[BlackFideId "307220"]
[PlyCount "0"]
[EventDate "2024.06.29"]

1. d4 d5 2. c4 e6 3. Nf3 Nf6 4. Nc3 c6 5. e3 Bd6 6. Bd3 dxc4 7. Bxc4 b5 8. Be2
Nbd7 9. O-O O-O 10. e4 e5 11. Bg5 h6 12. Bh4 b4 13. Na4 g5 14. Bg3 Qe7 15. Qc2
Bb7 16. dxe5 Nxe5 17. Nd4 Qc7 18. Nf5 c5 1-0

[Event "POHÁR města Říčany 2024"]
[Site "Městské kulturní středisko U labutě"]
[Date "2024.06.30"]
[Round "3.2"]
[White "Walek, Petr"]
[Black "Hejsek, Lukas"]
[Result "1-0"]
[WhiteElo "2294"]
[BlackElo "2029"]
[WhiteFideId "339393"]
[BlackFideId "393860"]
[PlyCount "0"]
[EventDate "2024.06.29"]

1. e4 c5 2. Nf3 Nc6 3. Nc3 Nf6 4. d4 cxd4 5. Nxd4 e5 6. Ndb5 d6 7. Bg5 a6
8. Na3 b5 9. Bxf6 gxf6 10. Nd5 f5 11. g3 Bg7 12. Bg2 f4 13. c3 O-O 14. Qh5 Ne7
15. Nc2 Nxd5 16. exd5 Qf6 17. Be4 Qh6 18. Qxh6 Bxh6 19. g4 f5 20. gxf5 Bxf5
21. Bxf5 Rxf5 22. a4 bxa4 23. Nb4 Kf8 24. Rxa4 f3 25. Nd3 1-0

[Event "POHÁR města Říčany 2024"]
[Site "Městské kulturní středisko U labutě"]
[Date "2024.06.30"]
[Round "3.3"]
[White "Petr, Jakub"]
[Black "Steiner, Juraj"]
[Result "1-0"]
[WhiteElo "2235"]
[BlackElo "1912"]
[WhiteFideId "371718"]
[BlackFideId "367516"]
[PlyCount "0"]
[EventDate "2024.06.29"]

1. d4 d5 2. Nf3 Nf6 3. c4 e6 4. g3 Bb4+ 5. Bd2 Be7 6. Bg2 c6 7. O-O Nbd7 8. Bc3
Ne4 9. Nbd2 f5 10. e3 O-O 11. Nxe4 fxe4 12. Nd2 b5 13. b3 a5 14. f3 exf3
15. Rxf3 b4 16. Bb2 a4 17. Rxf8+ Qxf8 18. Qc2 axb3 19. Qxb3 Qf6 20. cxd5 cxd5
21. Bxd5 Ra5 22. Bxe6+ Kh8 23. Rc1 Nc5 24. Rxc5 Rxc5 25. dxc5 Qxe6 26. Qxe6 Bxe6
27. Nb3 Bf6 28. Nd4 Bg4 29. c6 Be6 30. Kg2 Kg8 31. g4 Kf7 32. Kf3 Bxd4 33. Bxd4
Ke7 1-0

[Event "POHÁR města Říčany 2024"]
[Site "Městské kulturní středisko U labutě"]
[Date "2024.06.30"]
[Round "3.4"]
[White "Topencik, Bruno"]
[Black "Jun, Rudolf"]
[Result "1-0"]
[WhiteElo "2070"]
[BlackElo "2232"]
[WhiteFideId "23716550"]
[BlackFideId "376612"]
[PlyCount "0"]
[EventDate "2024.06.29"]

1. e4 c5 2. Nc3 Nc6 3. Bb5 e6 4. Bxc6 bxc6 5. d3 d6 6. f4 g6 7. Nf3 Bg7 8. O-O
Ne7 9. Qe1 O-O 10. b3 Ba6 11. Bb2 d5 12. Na4 Bxb2 13. Nxb2 Qc7 14. g3 c4
15. dxc4 dxe4 16. Qxe4 c5 17. Nd3 Rac8 18. Rad1 Bb7 19. Qe2 Nf5 20. Nde5 Rcd8
21. Kf2 Kg7 22. Rxd8 Rxd8 23. Rd1 f6 24. Rxd8 Qxd8 25. Qd3 Qe7 26. Ng4 Nd6
27. Ne3 Qc7 28. Nf1 e5 29. fxe5 fxe5 30. N1d2 e4 31. Qc3+ Kg8 32. Nh4 Qf7+
33. Ke1 Qe7 34. Ng2 Nf5 35. Ne3 Nd4 36. b4 Qe5 37. Kd1 Bc8 38. Qa3 Qh5+ 39. Kc1
Qe2 40. Qa4 Kf8 41. Qa5 Qe1+ 42. Kb2 Ne6 43. Ndf1 Qxb4+ 44. Qxb4 cxb4 45. Kb3
Ke7 46. Kxb4 Kd6 47. Nd2 Ke5 48. c3 Ng5 49. c5 Nf3 50. Ndc4+ Ke6 51. Nd6 Ba6
52. Nb5 Bxb5 53. Kxb5 Kd7 54. h4 Ne5 55. c6+ Nxc6 56. Kc4 Ne7 57. g4 Ke6 58. Kd4
Nc6+ 59. Kxe4 Ne5 60. c4 h6 61. a3 Kd6 62. h5 gxh5 63. gxh5 Ke6 64. a4 Nd7
65. Ng4 a5 66. Kd4 Nb6 67. Nxh6 Nxa4 68. Ng4 Nb6 69. Kc5 a4 70. Kxb6 1-0

[Event "POHÁR města Říčany 2024"]
[Site "Městské kulturní středisko U labutě"]
[Date "2024.06.30"]
[Round "3.5"]
[White "Svoboda, Daniel"]
[Black "Hlavina, Matous"]
[Result "0-1"]
[WhiteElo "1922"]
[BlackElo "2231"]
[WhiteFideId "23718684"]
[BlackFideId "386650"]
[PlyCount "0"]
[EventDate "2024.06.29"]

1. e4 e6 2. d3 d5 3. Nc3 Nf6 4. Bg5 Bb4 5. e5 h6 6. Bd2 Bxc3 7. bxc3 Ne4 8. Bc1
c5 9. Ne2 Qa5 10. f3 Ng5 11. h4 Nh7 12. Bd2 Qc7 13. Nf4 Nc6 14. Nh5 Rg8 15. Be3
g6 16. Bxh6 gxh5 0-1

[Event "POHÁR města Říčany 2024"]
[Site "Městské kulturní středisko U labutě"]
[Date "2024.06.30"]
[Round "3.6"]
[White "Kulhanek, Tomas"]
[Black "Jakubse, Tamae Severina"]
[Result "1-0"]
[WhiteElo "2319"]
[BlackElo "1935"]
[WhiteFideId "309656"]
[BlackFideId "23745975"]
[PlyCount "0"]
[EventDate "2024.06.29"]

1. e4 e5 2. Nf3 Nc6 3. Bb5 f5 4. d3 fxe4 5. dxe4 Nf6 6. Nc3 Bb4 7. Qd3 Bxc3+
8. bxc3 O-O 9. O-O Qe8 10. Re1 d6 11. Bc4+ Kh8 12. Rb1 Nh5 13. h3 Nf4 14. Bxf4
Rxf4 15. Nh2 Nd8 16. Nf1 Ne6 17. Bxe6 Qxe6 18. Ne3 Qf7 19. Nd5 Rh4 20. Re3 c6
21. Rf3 Qg8 22. Ne7 Qd8 23. Qxd6 Bxh3 24. Qxd8+ Rxd8 25. gxh3 Rxe4 26. Rxb7 1-0

[Event "POHÁR města Říčany 2024"]
[Site "Městské kulturní středisko U labutě"]
[Date "2024.06.30"]
[Round "3.7"]
[White "Kaplanova, Dominika"]
[Black "Vojta, Jakub"]
[Result "0-1"]
[WhiteElo "1912"]
[BlackElo "2266"]
[WhiteFideId "23737344"]
[BlackFideId "382515"]
[PlyCount "0"]
[EventDate "2024.06.29"]

1. e4 Nf6 2. Nc3 d6 3. d4 g6 4. Bb5+ c6 5. Bd3 Bg7 6. Nge2 O-O 7. O-O b5 8. a4
b4 9. Na2 a5 10. c3 bxc3 11. bxc3 Nbd7 12. Ba3 Qc7 13. h3 c5 14. Bb5 Nxe4
15. Bxd7 Bxd7 16. f3 Nf6 17. dxc5 dxc5 18. Nac1 Rfd8 19. Qe1 Nd5 20. Ra2 Ne3
21. Rf2 Be6 22. Rd2 Nc4 23. Ra2 Rab8 24. f4 Rb1 25. Ng3 Bd5 26. Bb2 Bf6 27. Ne4
Bxe4 28. Qxe4 Rd1+ 29. Kh2 Rxb2 30. Qxc4 Rxf2 0-1

[Event "POHÁR města Říčany 2024"]
[Site "Městské kulturní středisko U labutě"]
[Date "2024.06.30"]
[Round "3.8"]
[White "Cabela, Filip"]
[Black "Novak, Jindrich"]
[Result "1/2-1/2"]
[WhiteElo "1903"]
[BlackElo "2010"]
[WhiteFideId "23753552"]
[BlackFideId "307874"]
[PlyCount "0"]
[EventDate "2024.06.29"]

1. e4 d6 2. d4 e5 3. Nf3 Nc6 4. Bb5 Bd7 5. Bxc6 Bxc6 6. Nc3 Nf6 7. Qe2 exd4
8. Nxd4 Be7 9. g4 Qd7 10. g5 Ng8 11. b4 d5 12. Nf5 Kf8 13. b5 Bb4 14. Kf1 dxe4
15. bxc6 Qxf5 16. cxb7 Rb8 17. Qe3 Bc5 18. Ba3 Bxa3 19. Qxa7 Qh3+ 20. Kg1 Qg4+
21. Kf1 Qh3+ 22. Kg1 1/2-1/2

[Event "POHÁR města Říčany 2024"]
[Site "Městské kulturní středisko U labutě"]
[Date "2024.06.30"]
[Round "3.9"]
[White "Pressler, Tobias"]
[Black "Grebeniuc, Alexandra"]
[Result "1-0"]
[WhiteElo "2005"]
[BlackElo "1800"]
[WhiteFideId "23715359"]
[BlackFideId "13911635"]
[PlyCount "0"]
[EventDate "2024.06.29"]

1. e4 c6 2. d4 d5 3. e5 Bf5 4. h4 h6 5. c4 e6 6. Nc3 dxc4 7. Bxc4 Ne7 8. Nge2
Nd5 9. Bxd5 cxd5 10. Qb3 Qd7 11. Bd2 Nc6 12. Na4 Be7 13. Rc1 Rc8 14. g3 b6
15. O-O O-O 16. a3 Nb8 17. Bb4 Bxb4 18. axb4 Rxc1 19. Rxc1 Qb5 20. Nac3 Qd3
21. b5 Qf3 22. Qd1 Be4 23. Nxe4 Qxe4 24. Ra1 f6 25. exf6 Rxf6 26. Rxa7 Qf3
27. Qe1 Qe4 28. Ra8 Rf8 29. Ra3 Qc2 30. Nf4 Re8 31. Re3 Qxb2 32. Rxe6 Rf8
33. Re8 Qa3 34. Qe6+ Kh7 35. Qg6+ Kg8 36. Ne6 1-0

[Event "POHÁR města Říčany 2024"]
[Site "Městské kulturní středisko U labutě"]
[Date "2024.06.30"]
[Round "3.11"]
[White "Verner, Matej"]
[Black "Blumel, Otto"]
[Result "1-0"]
[WhiteElo "2043"]
[BlackElo "1907"]
[WhiteFideId "23729236"]
[BlackFideId "303852"]
[PlyCount "0"]
[EventDate "2024.06.29"]

1. e4 c5 2. d4 cxd4 3. c3 Nf6 4. e5 Nd5 5. Nf3 d6 6. Qxd4 e6 7. Nbd2 Nc6 8. Bb5
Qa5 9. Bxc6+ bxc6 10. Nc4 dxe5 11. Nfxe5 Qc7 12. O-O Be7 13. Rd1 O-O 14. Ne3 Rb8
15. b3 Nxe3 16. Qxe3 Rb5 17. Nf3 Rh5 18. c4 Bf6 19. Rb1 c5 20. h3 Bb7 21. Qf4
Qa5 22. Qd2 Bc3 23. Qe2 Bxf3 24. Qxf3 Rf5 25. Qe2 Bd4 26. Rf1 Rd8 27. a3 Re5
28. Qc2 Rf5 29. b4 Qc7 30. b5 Qg3 31. Bb2 Rg5 32. Qe4 Qxh3 33. Bxd4 cxd4 34. g3
h5 35. Rb3 h4 36. Qh1 Qg4 37. Qf3 Qxf3 38. Rxf3 Rc8 39. Rc1 hxg3 40. Rd3 Rxb5
41. Rxd4 gxf2+ 42. Kxf2 Rb2+ 43. Ke3 e5 44. Rd7 Rb3+ 45. Ke4 Rxa3 46. c5 Ra5
47. c6 1-0

[Event "POHÁR města Říčany 2024"]
[Site "Městské kulturní středisko U labutě"]
[Date "2024.06.30"]
[Round "3.12"]
[White "Rut, Vojtech"]
[Black "Pavlicek, Petr"]
[Result "1-0"]
[WhiteElo "2028"]
[BlackElo "1904"]
[WhiteFideId "333190"]
[BlackFideId "325163"]
[PlyCount "0"]
[EventDate "2024.06.29"]

1. e4 c5 2. Nf3 d6 3. d4 cxd4 4. Nxd4 Nf6 5. Nc3 a6 6. Bg5 e6 7. f4 Nbd7 8. Qe2
Qc7 9. O-O-O h6 10. Bh4 Be7 11. Kb1 b5 12. e5 dxe5 13. fxe5 Nxe5 14. Bg3 Nfd7
15. Nf3 f6 16. Nxe5 Nxe5 17. Qh5+ Kf8 18. Be2 Bb7 19. Rhf1 Qc5 1-0

[Event "POHÁR města Říčany 2024"]
[Site "Městské kulturní středisko U labutě"]
[Date "2024.06.30"]
[Round "3.13"]
[White "Madle, Robin"]
[Black "Pisar, Tomas"]
[Result "1-0"]
[WhiteElo "1889"]
[BlackElo "1971"]
[WhiteFideId "393886"]
[BlackFideId "23701501"]
[PlyCount "0"]
[EventDate "2024.06.29"]

1. e4 e5 2. Nf3 Nc6 3. d4 exd4 4. Bc4 Nf6 5. e5 d5 6. Bb5 Ne4 7. Nxd4 Bd7
8. Bxc6 bxc6 9. O-O Bc5 10. f3 Ng5 11. Be3 Bb6 12. f4 Ne4 13. Nd2 Nxd2 14. Qxd2
c5 15. Nf3 d4 16. Bf2 Bc6 17. Bh4 Qd7 18. a4 a5 19. b3 Qf5 20. e6 fxe6 21. Ne5
Be4 22. g4 Qf8 23. Qe2 1-0

[Event "POHÁR města Říčany 2024"]
[Site "Městské kulturní středisko U labutě"]
[Date "2024.06.30"]
[Round "3.14"]
[White "Kalvach, Ladislav"]
[Black "Veverka, Vladimir"]
[Result "0-1"]
[WhiteElo "1873"]
[BlackElo "1968"]
[WhiteFideId "317284"]
[BlackFideId "23716568"]
[PlyCount "0"]
[EventDate "2024.06.29"]

1. Nf3 Nf6 2. c4 e6 3. Nc3 c5 4. e4 d6 5. d4 cxd4 6. Nxd4 b6 7. Bd3 Bb7 8. O-O
Nbd7 9. Qe2 Be7 10. b3 O-O 11. Ba3 Nc5 12. Bc2 Nfd7 13. Rad1 Re8 14. b4 Na6
15. Ba4 d5 16. Nc2 Nc7 17. cxd5 exd5 18. Qd2 Ba6 19. Rfe1 b5 20. Bb3 Nb6
21. exd5 Bg5 22. Rxe8+ Nxe8 23. Qe2 Nd6 24. Nd4 Qd7 25. Re1 Bf6 26. Ne4 Re8
27. Qd3 Nbc4 28. Ra1 Qe7 29. Nc6 Qc7 {Necitelne} 0-1

[Event "POHÁR města Říčany 2024"]
[Site "Městské kulturní středisko U labutě"]
[Date "2024.06.30"]
[Round "3.15"]
[White "Bezdek, Tomas"]
[Black "Ocelak, David"]
[Result "1/2-1/2"]
[WhiteElo "1958"]
[BlackElo "1815"]
[WhiteFideId "23733551"]
[BlackFideId "23728795"]
[PlyCount "0"]
[EventDate "2024.06.29"]

1. d4 Nf6 2. c4 e6 3. g3 Bb4+ 4. Nd2 O-O 5. Bg2 d5 6. Nf3 c6 7. O-O b6 8. Qc2
Bb7 9. a3 Be7 10. e4 dxe4 11. Nxe4 Nbd7 12. Rd1 Qc8 13. Nc3 Rd8 14. Bf4 Nf8
15. Ne5 Ng6 16. Nxg6 hxg6 17. Rd2 Rd7 18. Rad1 Qd8 19. b4 Rc8 20. Qb3 a6 21. Bh3
b5 22. c5 Nd5 23. Nxd5 Rxd5 24. Bg2 Rd7 25. h4 Bf6 26. Qe3 Qe8 27. Be4 Bd8
28. Bc2 Rd5 29. Bb3 Rh5 30. Be5 Qe7 31. f4 Rh7 32. Qe4 Rh8 33. Qf3 Rh7 34. Bc2
Qd7 35. Be4 Be7 36. Rc1 Re8 37. Rd3 Rh6 1/2-1/2

[Event "POHÁR města Říčany 2024"]
[Site "Městské kulturní středisko U labutě"]
[Date "2024.06.30"]
[Round "3.16"]
[White "Hosova, Sandra"]
[Black "Korniichuk, Oleksandra"]
[Result "0-1"]
[WhiteElo "1808"]
[BlackElo "1956"]
[WhiteFideId "397717"]
[BlackFideId "14155656"]
[PlyCount "0"]
[EventDate "2024.06.29"]

1. d4 Nf6 2. Nf3 e6 3. Bf4 c5 4. e3 Nc6 5. Nc3 cxd4 6. exd4 Bb4 7. Bd2 Bxc3
8. Bxc3 Ne4 9. Qd3 d5 10. Be2 O-O 11. O-O a5 12. Nd2 Nd6 13. a4 b6 14. f4 f5
15. Qe3 Ne4 16. Nf3 Bd7 17. b3 Rc8 18. Be1 Nb4 19. Bxb4 axb4 20. Bd3 Rc3 21. Nd2
Qc7 22. Nb1 Rc6 23. Qe1 Qd6 24. Ra2 Ra8 25. Rf3 Rc7 26. Qf1 Ra5 27. Rb2 b5
28. axb5 Qb6 29. Qe1 Qxd4+ 0-1

[Event "POHÁR města Říčany 2024"]
[Site "Městské kulturní středisko U labutě"]
[Date "2024.06.30"]
[Round "3.17"]
[White "Sedlak, Milan"]
[Black "Kolar, Edvard"]
[Result "1-0"]
[WhiteElo "1953"]
[BlackElo "1807"]
[WhiteFideId "23746149"]
[BlackFideId "23746238"]
[PlyCount "0"]
[EventDate "2024.06.29"]

1. Nf3 Nf6 2. g3 g6 3. Bg2 Bg7 4. O-O O-O 5. c4 c5 6. Nc3 d5 7. d4 cxd4 8. Nxd4
e5 9. Nc2 d4 10. Nd5 Nc6 11. Bg5 Qd6 12. e3 Ne8 13. exd4 exd4 14. Qd2 Bf5
15. Rac1 Qd7 16. Rfe1 f6 17. Bh6 Bxh6 18. Qxh6 Ng7 19. Nxd4 Ne5 20. Rcd1 Rae8
21. b3 Ng4 22. Qd2 Qf7 23. Nxf5 Nxf5 24. Rxe8 Rxe8 25. Qf4 Nfh6 26. Nc7 g5
27. Bd5 1-0

[Event "POHÁR města Říčany 2024"]
[Site "Městské kulturní středisko U labutě"]
[Date "2024.06.30"]
[Round "3.18"]
[White "Horyna, Josef"]
[Black "Vysinsky, Otakar"]
[Result "0-1"]
[WhiteElo "1805"]
[BlackElo "1941"]
[WhiteFideId "316369"]
[BlackFideId "23719818"]
[PlyCount "0"]
[EventDate "2024.06.29"]

1. d4 Nf6 2. Nf3 d5 3. Bf4 c5 4. c3 Nc6 5. e3 Qb6 6. Qb3 c4 7. Qxb6 axb6
8. Nbd2 Bf5 9. Be2 e6 10. O-O Be7 11. Ne5 O-O 12. g4 Bg6 13. h3 b5 14. Nxg6 hxg6
15. a3 Ra6 16. Rad1 Nd7 17. e4 Nb6 18. exd5 Nxd5 19. Bf3 Rd8 20. Bg2 f6 21. Rfe1
Kf7 22. Kh2 g5 23. Bxd5 Rxd5 24. Nf1 Na7 25. f3 Rd7 26. Ne3 Nc8 27. Re2 Bd6
28. Bxd6 Raxd6 29. Rde1 Ne7 30. Kg1 Ng6 31. Ng2 e5 32. dxe5 Nxe5 33. Rf1 Rd2
34. Rxd2 Rxd2 35. Rf2 Rd1+ 36. Kh2 Rb1 37. Ne3 Nd3 38. Rd2 Rxb2 39. Rxb2 Nxb2
40. Kg3 Ke6 41. f4 Na4 42. fxg5 Nxc3 43. gxf6 Kxf6 44. Kf4 g5+ 45. Kf3 Ke5
46. Nc2 Nd5 47. Kf2 Ke4 48. Ke2 Nf4+ 49. Kd2 Nxh3 50. Kc3 Nf2 0-1

[Event "POHÁR města Říčany 2024"]
[Site "Městské kulturní středisko U labutě"]
[Date "2024.06.30"]
[Round "3.19"]
[White "Artamonov, Mikhail"]
[Black "Vavrinec, Tomas"]
[Result "1/2-1/2"]
[WhiteElo "1800"]
[BlackElo "1922"]
[WhiteFideId "23732946"]
[BlackFideId "318353"]
[PlyCount "0"]
[EventDate "2024.06.29"]

1. e4 e6 2. d4 d5 3. Nc3 dxe4 4. Nxe4 Nd7 5. Nf3 Ngf6 6. Nxf6+ Nxf6 7. Bd3 c5
8. O-O Be7 9. dxc5 Qa5 10. c6 bxc6 11. Bd2 Qh5 12. Nd4 Qxd1 13. Raxd1 Bb7
14. Bg5 h6 15. Bh4 g5 16. Bg3 O-O-O 17. Nb3 Nd7 18. Na5 Nc5 19. Nxb7 Kxb7
20. Bc4 Ne4 21. Rfe1 Nxg3 22. fxg3 Rxd1 23. Rxd1 Rd8 24. Rxd8 Bxd8 25. Kf2 Bf6
26. c3 Kc7 27. Kf3 Kd6 28. Ke4 Be7 29. g4 Bf6 30. h3 Be7 1/2-1/2

[Event "POHÁR města Říčany 2024"]
[Site "Městské kulturní středisko U labutě"]
[Date "2024.06.30"]
[Round "3.20"]
[White "Voracek, Zdenek"]
[Black "Petrasek, Jiri"]
[Result "1/2-1/2"]
[WhiteElo "1914"]
[BlackElo "1788"]
[WhiteFideId "331880"]
[BlackFideId "23735880"]
[PlyCount "0"]
[EventDate "2024.06.29"]

1. d4 d5 2. c4 c6 3. Nf3 Nf6 4. Nc3 e6 5. e3 Bd6 6. b3 Bb4 7. Bd2 Bd6 8. Be2
O-O 9. O-O b6 10. Qc2 Bb7 11. e4 dxe4 12. Nxe4 Nxe4 13. Qxe4 Nd7 14. Bd3 Nf6
15. Qe2 h6 16. Rad1 Qc7 17. Ne5 Rad8 18. Bc3 c5 19. dxc5 bxc5 20. Rd2 Nd7
21. Ng4 Bf4 22. Rfd1 Qc6 23. Ne3 Qc7 24. Qh5 Ne5 25. Bxe5 Bxe5 26. Ng4 Bf4
27. Ne3 Qc6 28. Qg4 Bg5 29. Qg3 Rfe8 30. Be2 Rxd2 31. Rxd2 Qc8 32. h4 Bd8
33. Qd6 Bxh4 34. Qd7 Bc6 35. Qxc8 Rxc8 36. Ng4 Bg5 37. Rd6 Bf4 38. Rd1 f5
39. Nh2 Kf7 40. Nf3 a5 41. Ne1 Bc7 42. Nd3 Bd6 43. Nb2 Ke7 44. Bd3 Be5 45. Na4
Bxa4 46. bxa4 Bc3 47. Kf1 Kf6 48. Ke2 e5 49. f3 Rb8 50. Rb1 Rxb1 51. Bxb1 g5
52. g4 e4 53. gxf5 Kxf5 54. Bxe4+ Kf4 55. Bg6 Bd4 56. Bh5 1/2-1/2

[Event "POHÁR města Říčany 2024"]
[Site "Městské kulturní středisko U labutě"]
[Date "2024.06.30"]
[Round "3.21"]
[White "Skala, Jaromir"]
[Black "Gernert, Tomas"]
[Result "1/2-1/2"]
[WhiteElo "1914"]
[BlackElo "1745"]
[WhiteFideId "325805"]
[BlackFideId "23750219"]
[PlyCount "0"]
[EventDate "2024.06.29"]

1. d4 Nf6 2. Nf3 d5 3. g3 Bf5 4. Bg2 e6 5. O-O c5 6. b3 Nc6 7. Bb2 Be7 8. Na3
O-O 9. c4 Qb6 10. cxd5 exd5 11. dxc5 Qxc5 12. Qc1 Qxc1 13. Rfxc1 Rfe8 14. Nb5
Rac8 15. Nbd4 Bg4 1/2-1/2

[Event "POHÁR města Říčany 2024"]
[Site "Městské kulturní středisko U labutě"]
[Date "2024.06.30"]
[Round "3.22"]
[White "Kuhnmund, Ivan"]
[Black "Salac, Jiri"]
[Result "1/2-1/2"]
[WhiteElo "1791"]
[BlackElo "1913"]
[WhiteFideId "393983"]
[BlackFideId "303992"]
[PlyCount "0"]
[EventDate "2024.06.29"]

1. e4 c5 2. Nc3 a6 3. a4 Nc6 4. f4 d6 5. Bc4 e6 6. Nf3 Nf6 7. d3 d5 8. exd5
exd5 9. Bb3 Be7 10. h3 O-O 11. O-O Re8 12. g4 d4 13. Ne4 Nxe4 14. dxe4 Be6
15. Bxe6 fxe6 16. Qe2 Qd7 17. Rd1 Rad8 18. h4 e5 19. f5 Kh8 20. g5 g6 21. f6 Bd6
22. Qg2 c4 23. h5 gxh5 24. Nh4 Qg4 25. Qxg4 hxg4 26. Kg2 Bf8 27. Rh1 Kg8 28. Bd2
Rd7 29. Rh2 Nd8 30. Rah1 Kf7 31. Nf5 Kg6 32. Nh4+ 1/2-1/2

[Event "POHÁR města Říčany 2024"]
[Site "Městské kulturní středisko U labutě"]
[Date "2024.06.30"]
[Round "3.23"]
[White "Cervenka, Petr"]
[Black "Gacho, Ondrej"]
[Result "1/2-1/2"]
[WhiteElo "1874"]
[BlackElo "1765"]
[WhiteFideId "312444"]
[BlackFideId "23718102"]
[PlyCount "0"]
[EventDate "2024.06.29"]

1. e4 c5 2. Nc3 Nc6 3. g3 d6 4. Bg2 Nf6 5. d3 a6 6. f4 g6 7. Nf3 Bg7 8. O-O O-O
9. h3 e6 10. Be3 Nd7 11. f5 exf5 12. Qd2 Nf6 13. Bh6 Ne5 14. Nh4 Nh5 15. exf5
Nxg3 16. Bxg7 Nxf1 17. Qh6 Ng3 18. fxg6 Nxg6 19. Nxg6 Nf5 20. Ne7+ Qxe7 21. Bxf8
Qxf8 22. Qg5+ Ng7 23. Nd5 Be6 24. Nf6+ Kh8 25. Be4 Ne8 26. Nxh7 Qg7 27. Qxg7+
Kxg7 28. Ng5 d5 29. Bg2 Nd6 30. Re1 Kf6 31. Nxe6 fxe6 32. Kf2 Rh8 33. c3 Rh4
34. Kg3 Nf5+ 35. Kh2 b5 36. Bf3 Rf4 37. Rf1 Ne3 38. Kg3 e5 39. Rf2 Nf5+ 40. Kg2
Nh4+ 1/2-1/2

[Event "POHÁR města Říčany 2024"]
[Site "Městské kulturní středisko U labutě"]
[Date "2024.06.30"]
[Round "3.24"]
[White "Rubin, Andrej"]
[Black "Rous, Dominik"]
[Result "1/2-1/2"]
[WhiteElo "1853"]
[BlackElo "1719"]
[WhiteFideId "23751738"]
[BlackFideId "375993"]
[PlyCount "0"]
[EventDate "2024.06.29"]

1. e4 d6 2. d4 g6 3. Nc3 Bg7 4. Be3 Nf6 5. Qd2 c6 6. a4 Nbd7 7. h3 Qc7 8. Bh6
O-O 9. Nf3 e5 10. O-O-O exd4 11. Nxd4 Nc5 12. f3 Rd8 13. h4 d5 14. b4 Ne6
15. Nxe6 Bxe6 16. Bxg7 Kxg7 17. exd5 Bxd5 18. Bd3 Bc4 19. h5 Bxd3 20. cxd3 Qd6
21. hxg6 fxg6 22. Ne4 Qd4 23. Qh6+ Kf7 1/2-1/2

[Event "POHÁR města Říčany 2024"]
[Site "Městské kulturní středisko U labutě"]
[Date "2024.06.30"]
[Round "3.25"]
[White "Masek, Tomas"]
[Black "Lizner, Milan"]
[Result "0-1"]
[WhiteElo "1699"]
[BlackElo "1847"]
[WhiteFideId "23755580"]
[BlackFideId "324256"]
[PlyCount "0"]
[EventDate "2024.06.29"]

1. d4 f5 2. Nc3 Nf6 3. Bg5 d6 4. Bxf6 exf6 5. Nf3 c6 6. d5 c5 7. e4 fxe4
8. Nxe4 Be7 9. Qd2 O-O 10. Bd3 f5 11. Nc3 Bf6 12. O-O-O Qa5 13. a3 Na6 14. Nb5
Qb6 15. Nc3 Nc7 16. Rhg1 Bd7 17. h3 Kh8 18. g4 fxg4 19. Ng5 h6 20. Nh7 gxh3
21. Nxf8 Rxf8 22. Qf4 Bg5 0-1

[Event "POHÁR města Říčany 2024"]
[Site "Městské kulturní středisko U labutě"]
[Date "2024.06.30"]
[Round "3.26"]
[White "Stork, Rostislav"]
[Black "Glasberger, Roman"]
[Result "0-1"]
[WhiteElo "1808"]
[BlackElo "1698"]
[WhiteFideId "354988"]
[BlackFideId "398799"]
[PlyCount "0"]
[EventDate "2024.06.29"]

1. e4 c5 2. Nf3 d6 3. d4 cxd4 4. Nxd4 Nf6 5. Nc3 a6 6. Bc4 e6 7. Bb3 Be7 8. Be3
O-O 9. f3 b5 10. Qd2 Bb7 11. O-O-O Nbd7 12. g4 Nc5 13. h4 Nxb3+ 14. axb3 Nd7
15. Bg5 b4 16. Na4 d5 17. exd5 Bxd5 18. Qe3 Re8 19. Rh3 Rc8 20. Bxe7 Qxe7 21. g5
e5 22. Re1 Kf8 23. Ne2 Qe6 24. Kb1 Qxh3 0-1

[Event "POHÁR města Říčany 2024"]
[Site "Městské kulturní středisko U labutě"]
[Date "2024.06.30"]
[Round "3.27"]
[White "Hampel, Rudolf"]
[Black "Rossler, Erik"]
[Result "1/2-1/2"]
[WhiteElo "1765"]
[BlackElo "1797"]
[WhiteFideId "323853"]
[BlackFideId "23719761"]
[PlyCount "0"]
[EventDate "2024.06.29"]

1. e4 c5 2. Nf3 e6 3. d4 cxd4 4. Nxd4 a6 5. Nc3 Qc7 6. Be2 Bb4 7. Bd2 Nf6
8. Bd3 b5 9. O-O Bc5 10. Nb3 Be7 11. Re1 Bb7 12. e5 Nd5 13. Qg4 g6 14. Nxd5 Bxd5
15. Nd4 Nc6 16. Nxc6 Qxc6 17. Bg5 Bxg5 18. Qxg5 O-O 19. h4 Qc7 20. Re3 Qd8
21. Qg4 f5 22. exf6 Qxf6 23. Rf1 Qf4 24. Rg3 Kg7 25. h5 Qxg4 26. Rxg4 Rf6
27. hxg6 hxg6 28. Re1 Rc8 29. Re3 Kf7 30. Rh3 Rg8 31. Rh7+ Rg7 32. Rxg7+ Kxg7
33. a4 Bc6 34. axb5 Bxb5 35. c4 Bc6 36. b4 e5 37. c5 Bb5 38. Be4 Bc6 39. Bd3 Bb5
40. Bxb5 axb5 41. Rg3 Rf4 42. Rd3 Rxb4 43. Rxd7+ Kf6 44. Rb7 Rc4 45. Rxb5 Rc1+
46. Kh2 Kf5 47. f3 g5 48. Kg3 Rc3 49. Kf2 Rc2+ 50. Kg3 1/2-1/2

[Event "POHÁR města Říčany 2024"]
[Site "Městské kulturní středisko U labutě"]
[Date "2024.06.30"]
[Round "3.28"]
[White "Novotny, David"]
[Black "Pesek, Jan Antonin"]
[Result "1/2-1/2"]
[WhiteElo "2034"]
[BlackElo "1635"]
[WhiteFideId "374083"]
[BlackFideId "23745010"]
[PlyCount "0"]
[EventDate "2024.06.29"]

1. e4 e6 2. d4 d5 3. Nc3 dxe4 4. Nxe4 Bd7 5. Nf3 Bc6 6. Bd3 Nf6 7. Bg5 Be7
8. Bxf6 Bxf6 9. c3 Nd7 10. Qe2 a6 11. h4 h6 12. Nxf6+ Qxf6 13. Be4 Bxe4 14. Qxe4
O-O-O 15. O-O-O Rhe8 16. Rhe1 c6 17. Qg4 Qg6 18. Qxg6 fxg6 19. Rd3 Re7 20. c4
Rde8 21. Rde3 Kc7 22. Kc2 b5 23. b3 bxc4 24. bxc4 Nf8 25. Ne5 Rb8 26. Kc3 a5
27. Rg3 Rb4 28. Rf3 Rb8 29. Rg3 Rb4 30. Nxg6 Nxg6 31. Rxg6 Ra4 32. Kb3 Rb4+
33. Kc3 Ra4 34. Re2 Kd7 35. Rb2 Ra3+ 36. Kd2 Kc7 37. f3 c5 38. dxc5 Kc6 39. Rg4
1/2-1/2